Business intelligence, analytics, and data science : (Record no. 22553)
[ view plain ]
| 000 -LEADER | |
|---|---|
| fixed length control field | 00640cam a2200217 i 4500 |
| 003 - CONTROL NUMBER IDENTIFIER | |
| control field | KenMUT |
| 005 - DATE AND TIME OF LATEST TRANSACTION | |
| control field | 20250717093110.0 |
| 008 - FIXED-LENGTH DATA ELEMENTS--GENERAL INFORMATION | |
| fixed length control field | 160922s2018 nyu 001 0 eng |
| 020 ## - INTERNATIONAL STANDARD BOOK NUMBER | |
| International Standard Book Number | 9780134633282 |
| 040 ## - CATALOGING SOURCE | |
| Transcribing agency | MUT |
| 050 00 - LIBRARY OF CONGRESS CALL NUMBER | |
| Classification number | HD 38.7 |
| Item number | .S53 2018 |
| 100 1# - MAIN ENTRY--PERSONAL NAME | |
| Personal name | Sharda, Ramesh, |
| Relator term | author. |
| 245 10 - TITLE STATEMENT | |
| Title | Business intelligence, analytics, and data science : |
| Remainder of title | a managerial perspective / |
| 250 ## - EDITION STATEMENT | |
| Edition statement | 4th edition. |
| 264 #1 - PRODUCTION, PUBLICATION, DISTRIBUTION, MANUFACTURE, AND COPYRIGHT NOTICE | |
| Place of production, publication, distribution, manufacture | New York, NY: |
| Name of producer, publisher, distributor, manufacturer | Pearson, |
| Date of production, publication, distribution, manufacture, or copyright notice | 2018 |
| 650 #0 - SUBJECT ADDED ENTRY--TOPICAL TERM | |
| Topical term or geographic name entry element | Business intelligence. |
| 650 #0 - SUBJECT ADDED ENTRY--TOPICAL TERM | |
| Topical term or geographic name entry element | Industrial management. |
| 700 1# - ADDED ENTRY--PERSONAL NAME | |
| Personal name | Delen, Dursun, |
| Relator term | author. |
| 700 1# - ADDED ENTRY--PERSONAL NAME | |
| Personal name | Turban, Efraim, |
| Relator term | author. |
| 942 ## - ADDED ENTRY ELEMENTS (KOHA) | |
| Source of classification or shelving scheme | Library of Congress Classification |
| Koha item type | Books |
| Suppress in OPAC | No |
| Withdrawn status | Lost status | Source of classification or shelving scheme | Damaged status | Not for loan | Home library | Current library | Shelving location | Date acquired | Source of acquisition | Total checkouts | Full call number | Barcode | Date last seen | Price effective from | Koha item type |
|---|---|---|---|---|---|---|---|---|---|---|---|---|---|---|---|
| Library of Congress Classification | Murang'a University of Technology Library | Murang'a University of Technology Library | General stacks | 19/02/2025 | donation | HD 38.7 .S53 2018 | 031243 | 19/02/2025 | 19/02/2025 | Books |